Datum a čas kvízu
27
Celkem bodů
Celkový počet nahraných bodů na tomto kvízu bez doplňovacích otázek.
7.
Pořadí na kvízu
Konečné umístění týmu na tomto kvízu.
Zaznamenané odpovědi
| # | Otázka | Odpověď | Body | Výsledky |
|---|---|---|---|---|
| 1. | Na webové adrese zemanznovu.cz... | e-shop s dámským textilem | 0 | |
| 2. | Prezidentské volby v Bělorusku... | Litva | 1 | |
| 3. | Bývalá pornostar se snaží získ... | Mia Khalifa | 1 | |
| 4. | Další řetězec v České republic... | Kaufland | 0 | |
| 5. | Minulý týden odstartoval etapo... | Dauphiné | 0 | |
| 6. | Nedávno jsme se zabývali různý... | Belgie, Francie, Nizozemsko | 1 | |
| 7. | Dne 24. července roku 1177 uza... | Fridrich I. Barbarossa (Rudovous) | 1 | |
| 8. | Dalším špičatým letopočtem v n... | Albrecht Dürer | 0 | |
| 9. | Dostáváme se do novověku, konk... | Anna Stuartovna | 0 | |
| 10. | Rok 1714 se stal jedním z důle... | Gabriel Fahrenheit | 1 |